Northern Beaches Suburbs - Statistics

General Stats
  • This quiz has been taken 53 times
    52 since last reset
  • The average score is 29 of 55
Answer Stats
Answer % Correct
Manly
97%
Narrabeen
89%
Curl Curl
87%
Avalon
84%
Palm Beach
84%
Dee Why
82%
Freshwater
82%
Collaroy
74%
Frenchs Forest
74%
Mona Vale
74%
Bilgola
68%
Newport
68%
Whale Beach
68%
Manly Vale
66%
North Manly
66%
Balgowlah
63%
Cromer
63%
Brookvale
61%
North Narrabeen
61%
Forestville
58%
North Curl Curl
58%
Warriewood
58%
Bilgola Plateau
55%
Church Point
55%
Fairlight
55%
Queenscliff
55%
Allambie Heights
53%
Belrose
53%
Collaroy Plateau
53%
Davidson
53%
Seaforth
53%
Bayview
50%
Clontarf
50%
Elanora Heights
50%
Balgowlah Heights
47%
Beacon Hill
45%
Killarney Heights
45%
Narraweena
45%
Ingleside
42%
North Balgowlah
42%
Oxford Falls
42%
Clareville
39%
Duffys Forest
39%
Scotland Island
39%
Terrey Hills
39%
Wheeler Heights
34%
Coasters Retreat
21%
Cottage Point
21%
Currawong
21%
Elvina Bay
21%
Lovett Bay
21%
Morning Bay
21%
Careel Bay
18%
Ku-ring-gai Chase
16%
Mackarel Beach
13%
No matching quizzes found
Score Distribution
Percent of People with Each Score
Percentile by Number Answered
Your Score History
You have not taken this quiz since the last reset